La rama dorada; magia y religión /

Guardado en:
Autor Principal: Frazer, James George
Formato: Libro
Publicado: México : Fondo de Cultura Econ¢mica, 1961
Edición:4a. ed.
Materias:
Etiquetas: Agregar Etiqueta
Sin Etiquetas, Sea el primero en etiquetar este registro!
LEADER 00671nam a22002295a 4500
001 CEM.cems006990
005 20060214000000.0
008 130507s1961##################000#0#####d
003 CEMS
082 0 4 |a 291 
100 1 |a Frazer, James George 
245 1 0 |a La rama dorada; magia y religión / 
250 |a 4a. ed. 
260 |a México :  |b Fondo de Cultura Econ¢mica,  |c 1961 
300 |a 860 p. 
653 |a Alma-transmision 
653 |a Magia 
653 |a Magia y religion 
653 |a Mal-transferencia 
653 |a Mito de adonis 
859 |a CEMS  |b BIB. CEMS - 11 de abril  |h 291  |i F327a4  |p 5468.76  |t Ej.2 
859 |a CEMS  |b BIB. CEMS - 11 de abril  |h 291  |i F327a4  |p 5469.76  |t Ej.1